| 000 -LEADER |
| fixed length control field |
00463nam a2200181Ia 4500 |
| 020 ## - INTERNATIONAL STANDARD BOOK NUMBER |
| ISBN |
0697343332 |
| 040 ## - CATALOGING SOURCE |
| Transcribing agency |
JCU |
| 082 ## - DEWEY DECIMAL CLASSIFICATION NUMBER |
| Classification number |
370 DUS 1998 A065 Or. |
| 245 00 - TITLE STATEMENT |
| Title |
Sources. |
| 246 30 - VARYING FORM OF TITLE |
| Title proper/short title |
Notable selections in education |
| 250 ## - EDITION STATEMENT |
| Edition statement |
2nd ed. |
| 260 ## - PUBLICATION, DISTRIBUTION, ETC. (IMPRINT) |
| Place of publication |
Guilford, Conn. : |
| Name of publisher |
Dushkin/McGraw-Hill, |
| Year of publication |
c1998. |
| 300 ## - PHYSICAL DESCRIPTION |
| Number of Pages |
xii, 368 p. : |
| Other physical details |
ill. ; |
| Dimensions |
24 cm. |
| 650 #0 - SUBJECT ADDED ENTRY--TOPICAL TERM |
| Topical Term |
Education |
| 650 #0 - SUBJECT ADDED ENTRY--TOPICAL TERM |
| Topical Term |
Education |
| 700 1# - ADDED ENTRY--PERSONAL NAME |
| Personal name |
Schultz, Frederick Marshall. |
| 942 ## - ADDED ENTRY ELEMENTS (KOHA) |
| Koha item type |
សៀវភៅភាសាអង់គ្លេស |
| 952 ## - LOCATION AND ITEM INFORMATION (KOHA) |
| Withdrawn status [LOCAL, KOHA] |
0 |
| 952 ## - LOCATION AND ITEM INFORMATION (KOHA) |
| Withdrawn status [LOCAL, KOHA] |
0 |
| 952 ## - LOCATION AND ITEM INFORMATION (KOHA) |
| Withdrawn status [LOCAL, KOHA] |
0 |